000 00506nam a2200181Ia 4500
008 090123s9999 xx 000 0 und d
082 _b41817
100 _aसप्रे मधुवंती
245 _aआत्मभान
250 _a1
260 _bप्रतीक
_c2007
300 _a168
600 _aसप्रे मधुवंती
630 _aआत्मभान
700 _aसप्रे मधुवंती
730 _aआत्मभान
942 _cBOOK
999 _c79894
_d79894